[Event "DVM U16 2022"]
[Site "Darmstadt GER"]
[Date "2022.12.29"]
[Round "5"]
[White "Walter, Romeo"]
[Black "Kasapchuk, Oleksandr Jr."]
[Result "0-1"]
[Termination "normal"]
[Board "3.3"]
[WhiteElo "1267"]
[BlackElo "1650"]
[WhiteClock "00:04:16"]
[BlackClock "00:24:37"]
[WhiteTeam "SC Ostfildern 1952 e.V."]
[BlackTeam "Schachfreunde Brackel 1930 e. V."]
[PlyCount "72"]
[WhiteFideId "16275055"]
[BlackFideId "14197596"]
[EventCountry "GER"]
[EventRounds "7"]
[EventType "team-swiss"]
[EventDate "2022.12.26"]

1. c4 {[%clk 1:30:43]} e5 {[%clk 1:30:55]} 2. Nc3 {[%clk 1:31:09]} Nf6 3. e4
{[%clk 1:31:32]} Bb4 {[%clk 1:31:26]} 4. d3 {[%clk 1:31:36]} Nc6 {[%clk
1:31:06]} 5. g3 {[%clk 1:31:27]} d6 {[%clk 1:31:09]} 6. Bg2 {[%clk 1:31:35]}
Bg4 {[%clk 1:24:57]} 7. f3 {[%clk 1:31:31]} Be6 {[%clk 1:24:39]} 8. Nge2 {[%clk
1:30:17]} Bc5 {[%clk 1:24:47]} 9. Na4 {[%clk 1:28:18]} Qd7 {[%clk 1:23:10]} 10.
Nxc5 {[%clk 1:27:59]} dxc5 {[%clk 1:23:34]} 11. f4 {[%clk 1:15:32]} O-O-O
{[%clk 1:19:58]} 12. Nc3 {[%clk 1:04:12]} Qxd3 {[%clk 1:04:28]} 13. Qxd3 {[%clk
0:52:58]} Rxd3 {[%clk 1:04:56]} 14. Nd5 {[%clk 0:40:05]} Bg4 {[%clk 0:59:59]}
15. O-O {[%clk 0:36:55]} Re8 {[%clk 0:46:30]} 16. fxe5 {[%clk 0:22:33]} Nxd5
{[%clk 0:46:35]} 17. cxd5 {[%clk 0:22:44]} Nxe5 {[%clk 0:46:44]} 18. Bf4 {[%clk
0:22:30]} f6 {[%clk 0:45:50]} 19. Rae1 {[%clk 0:20:43]} Nf3 {[%clk 0:33:35]}
20. Bxf3 {[%clk 0:19:04]} Bxf3 {[%clk 0:32:03]} 21. Be3 {[%clk 0:14:04]} Bxe4
{[%clk 0:32:13]} 22. Bxc5 {[%clk 0:12:40]} Rxd5 {[%clk 0:32:36]} 23. Bb4 {[%clk
0:10:16]} c5 {[%clk 0:32:07]} 24. Bc3 {[%clk 0:09:58]} Re7 {[%clk 0:31:11]} 25.
g4 {[%clk 0:09:06]} Kd7 {[%clk 0:29:08]} 26. Re2 {[%clk 0:07:16]} Rg5 {[%clk
0:27:08]} 27. Rd1 {[%clk 0:07:20]} Bd5 {[%clk 0:22:22]} 28. Red2 {[%clk
0:05:45]} Kc6 {[%clk 0:22:24]} 29. h3 {[%clk 0:05:52]} h5 {[%clk 0:22:53]} 30.
Kf2 {[%clk 0:05:12]} hxg4 {[%clk 0:22:53]} 31. hxg4 {[%clk 0:05:26]} Re4 {[%clk
0:22:52]} 32. Kf3 {[%clk 0:05:36]} Rd4 {[%clk 0:23:03]} 33. Kf2 {[%clk
0:04:59]} Rdxg4 {[%clk 0:23:27]} 34. Rf1 {[%clk 0:03:50]} Rf5 {[%clk 0:23:39]}
35. Ke1 {[%clk 0:04:02]} Re4 {[%clk 0:24:08]} 36. Re2 {[%clk 0:04:16]} Rxe2
{[%clk 0:24:37]} 0-1

[Event "DVM U16 2022"]
[Site "Darmstadt GER"]
[Date "2022.12.29"]
[Round "5"]
[White "Römer, Alois"]
[Black "Erhardt, Daniel"]
[Result "1-0"]
[Termination "normal"]
[Board "3.4"]
[WhiteElo "1692"]
[BlackElo "1324"]
[WhiteClock "00:29:58"]
[BlackClock "00:33:48"]
[WhiteTeam "Schachfreunde Brackel 1930 e. V."]
[BlackTeam "SC Ostfildern 1952 e.V."]
[PlyCount "109"]
[WhiteFideId "16255607"]
[BlackFideId "16249429"]
[EventCountry "GER"]
[EventRounds "7"]
[EventType "team-swiss"]
[EventDate "2022.12.26"]

1. e4 {[%clk 1:30:42]} e5 {[%clk 1:30:43]} 2. f4 {[%clk 1:31:06]} d5 {[%clk
1:30:52]} 3. exd5 {[%clk 1:31:30]} exf4 {[%clk 1:31:17]} 4. Nf3 {[%clk
1:31:54]} Nf6 {[%clk 1:31:15]} 5. Nc3 {[%clk 1:32:11]} Bb4 {[%clk 1:30:41]} 6.
Bc4 {[%clk 1:27:53]} b6 {[%clk 1:26:31]} 7. O-O {[%clk 1:24:18]} O-O {[%clk
1:26:22]} 8. a3 {[%clk 1:22:45]} Bxc3 {[%clk 1:26:46]} 9. dxc3 {[%clk 1:22:26]}
Bb7 {[%clk 1:26:56]} 10. d6 {[%clk 1:09:54]} Qxd6 {[%clk 1:24:05]} 11. Qxd6
{[%clk 1:09:51]} cxd6 {[%clk 1:24:30]} 12. Bxf4 {[%clk 1:09:35]} d5 {[%clk
1:21:49]} 13. Bb3 {[%clk 1:06:56]} h6 {[%clk 1:19:02]} 14. Rad1 {[%clk
1:05:00]} Rd8 {[%clk 1:16:18]} 15. Ne5 {[%clk 0:57:35]} Nbd7 {[%clk 1:14:08]}
16. Nxd7 {[%clk 0:50:44]} Rxd7 {[%clk 1:14:32]} 17. Bxh6 {[%clk 0:45:41]} Ba6
{[%clk 1:07:47]} 18. Rf5 {[%clk 0:42:01]} Rad8 {[%clk 0:48:17]} 19. Be3 {[%clk
0:31:36]} Ng4 {[%clk 0:44:44]} 20. Bd4 {[%clk 0:29:36]} Nh6 {[%clk 0:28:40]}
21. Re5 {[%clk 0:26:32]} Kf8 {[%clk 0:26:45]} 22. a4 {[%clk 0:23:12]} Ng4
{[%clk 0:23:01]} 23. Ree1 {[%clk 0:21:32]} Nh6 {[%clk 0:19:44]} 24. Rd2 {[%clk
0:19:10]} Nf5 {[%clk 0:18:29]} 25. Kf2 {[%clk 0:17:42]} f6 {[%clk 0:13:49]} 26.
g4 {[%clk 0:14:10]} Ne7 {[%clk 0:10:44]} 27. a5 {[%clk 0:12:16]} bxa5 {[%clk
0:08:02]} 28. Bc5 {[%clk 0:12:15]} Kf7 {[%clk 0:06:09]} 29. Bxe7 {[%clk
0:10:08]} Rxe7 {[%clk 0:06:38]} 30. Rxe7 {[%clk 0:10:19]} Kxe7 {[%clk 0:06:58]}
31. Rxd5 {[%clk 0:10:40]} Rxd5 {[%clk 0:07:19]} 32. Bxd5 {[%clk 0:11:04]} Kd6
{[%clk 0:07:46]} 33. Bf3 {[%clk 0:08:27]} a4 {[%clk 0:07:46]} 34. Ke3 {[%clk
0:08:31]} Ke5 {[%clk 0:07:36]} 35. Bc6 {[%clk 0:07:10]} Bc8 {[%clk 0:07:59]}
36. Kf3 {[%clk 0:06:44]} a3 {[%clk 0:07:44]} 37. bxa3 {[%clk 0:07:04]} Ba6
{[%clk 0:07:37]} 38. h4 {[%clk 0:05:24]} Bc4 {[%clk 0:07:41]} 39. Ke3 {[%clk
0:04:24]} Be6 {[%clk 0:07:48]} 40. Bf3 {[%clk 0:04:10]} a5 {[%clk 0:07:04]} 41.
Be2 {[%clk 0:03:26]} Bc8 {[%clk 0:06:08]} 42. c4 {[%clk 0:30:28]} g6 {[%clk
0:35:41]} 43. Bd3 {[%clk 0:28:30]} Bxg4 {[%clk 0:34:04]} 44. Bxg6 {[%clk
0:28:36]} f5 {[%clk 0:33:55]} 45. h5 {[%clk 0:28:23]} f4 {[%clk 0:33:36]} 46.
Kf2 {[%clk 0:28:03]} Kf6 {[%clk 0:32:41]} 47. c5 {[%clk 0:28:11]} Kg5 {[%clk
0:32:44]} 48. c6 {[%clk 0:28:14]} Kf6 {[%clk 0:32:49]} 49. c4 {[%clk 0:28:26]}
Ke7 {[%clk 0:32:58]} 50. h6 {[%clk 0:28:33]} Kf8 {[%clk 0:32:53]} 51. h7 {[%clk
0:28:52]} Kg7 {[%clk 0:33:20]} 52. c7 {[%clk 0:29:04]} Kh8 {[%clk 0:33:18]} 53.
c5 {[%clk 0:29:25]} Bd7 {[%clk 0:33:30]} 54. c6 {[%clk 0:29:47]} Bc8 {[%clk
0:33:48]} 55. Be8 {[%clk 0:29:58]} 1-0

[Event "DVM U16 2022"]
[Site "Darmstadt GER"]
[Date "2022.12.29"]
[Round "5"]
[White "Halabi, Ibrahim"]
[Black "Englert, Luca"]
[Result "0-1"]
[Termination "normal"]
[Board "4.1"]
[WhiteElo "1927"]
[BlackElo "1967"]
[WhiteClock "00:08:05"]
[BlackClock "00:39:00"]
[WhiteTeam "SK Frankenthal"]
[BlackTeam "VfB Schach Leipzig e.V."]
[PlyCount "64"]
[WhiteFideId "16241754"]
[BlackFideId "16293088"]
[EventCountry "GER"]
[EventRounds "7"]
[EventType "team-swiss"]
[EventDate "2022.12.26"]

1. e4 {[%clk 1:30:58]} c5 {[%clk 1:30:53]} 2. Nf3 {[%clk 1:31:23]} d6 {[%clk
1:31:16]} 3. d4 {[%clk 1:31:48]} cxd4 {[%clk 1:31:42]} 4. Nxd4 {[%clk 1:32:11]}
Nf6 {[%clk 1:32:07]} 5. Nc3 {[%clk 1:32:35]} a6 {[%clk 1:32:32]} 6. Be2 {[%clk
1:32:58]} e5 {[%clk 1:32:55]} 7. Nb3 {[%clk 1:33:22]} Be6 {[%clk 1:33:19]} 8.
O-O {[%clk 1:33:42]} Be7 {[%clk 1:33:46]} 9. Kh1 {[%clk 1:33:43]} Nc6 {[%clk
1:33:28]} 10. f4 {[%clk 1:32:28]} b5 {[%clk 1:30:43]} 11. Bf3 {[%clk 1:18:10]}
a5 {[%clk 1:12:50]} 12. a4 {[%clk 1:08:14]} bxa4 {[%clk 0:59:52]} 13. Rxa4
{[%clk 1:07:55]} Bxb3 {[%clk 0:59:32]} 14. cxb3 {[%clk 1:08:16]} O-O {[%clk
0:59:12]} 15. Nd5 {[%clk 1:00:28]} Rb8 {[%clk 0:57:43]} 16. Nxf6 {[%clk
0:55:08]} Bxf6 {[%clk 0:57:40]} 17. Qd5 {[%clk 0:51:36]} Nd4 {[%clk 0:57:24]}
18. Bd1 {[%clk 0:36:23]} Rb5 {[%clk 0:55:10]} 19. Rxd4 {[%clk 0:35:37]} Rxd5
{[%clk 0:50:50]} 20. Rxd5 {[%clk 0:36:02]} Qb6 {[%clk 0:49:43]} 21. f5 {[%clk
0:34:56]} Rc8 {[%clk 0:45:47]} 22. Bd2 {[%clk 0:34:54]} Rc5 {[%clk 0:45:10]}
23. Rxc5 {[%clk 0:28:56]} Qxc5 {[%clk 0:44:48]} 24. Bf3 {[%clk 0:28:37]} h6
{[%clk 0:44:31]} 25. Bc3 {[%clk 0:24:49]} Qb5 {[%clk 0:42:58]} 26. Ra1 {[%clk
0:24:55]} Bd8 {[%clk 0:42:44]} 27. Rd1 {[%clk 0:21:05]} Bc7 {[%clk 0:41:29]}
28. h3 {[%clk 0:15:25]} Qxb3 {[%clk 0:40:39]} 29. Rd5 {[%clk 0:15:25]} a4
{[%clk 0:38:56]} 30. Be2 {[%clk 0:13:55]} a3 {[%clk 0:38:25]} 31. Rd2 {[%clk
0:07:52]} a2 {[%clk 0:38:35]} 32. Rd1 {[%clk 0:08:05]} Qxd1 {[%clk 0:39:00]}
0-1

[Event "DVM U16 2022"]
[Site "Darmstadt GER"]
[Date "2022.12.29"]
[Round "5"]
[White "Schön, Florian"]
[Black "Morgenthaler, Nick"]
[Result "1-0"]
[Termination "normal"]
[Board "4.2"]
[WhiteElo "1730"]
[BlackElo "1320"]
[WhiteClock "00:14:35"]
[BlackClock "00:47:17"]
[WhiteTeam "VfB Schach Leipzig e.V."]
[BlackTeam "SK Frankenthal"]
[PlyCount "93"]
[WhiteFideId "16259394"]
[BlackFideId "16286138"]
[EventCountry "GER"]
[EventRounds "7"]
[EventType "team-swiss"]
[EventDate "2022.12.26"]

1. e4 {[%clk 1:30:58]} e6 {[%clk 1:30:43]} 2. d4 {[%clk 1:31:23]} d5 {[%clk
1:31:03]} 3. Nc3 {[%clk 1:31:49]} Nf6 {[%clk 1:31:17]} 4. Bg5 {[%clk 1:32:10]}
dxe4 {[%clk 1:31:42]} 5. Nxe4 {[%clk 1:32:29]} Nbd7 {[%clk 1:31:43]} 6. Qf3
{[%clk 1:24:07]} Be7 {[%clk 1:31:20]} 7. Bxf6 {[%clk 1:18:48]} Nxf6 {[%clk
1:31:18]} 8. O-O-O {[%clk 1:18:08]} Nxe4 {[%clk 1:31:08]} 9. Qxe4 {[%clk
1:18:34]} Qd5 {[%clk 1:30:37]} 10. Qxd5 {[%clk 1:04:57]} exd5 {[%clk 1:30:59]}
11. Re1 {[%clk 1:05:01]} f6 {[%clk 1:28:54]} 12. Bd3 {[%clk 1:04:37]} c6 {[%clk
1:27:56]} 13. f4 {[%clk 1:01:18]} b5 {[%clk 1:27:35]} 14. h3 {[%clk 0:59:14]}
a5 {[%clk 1:25:31]} 15. Nf3 {[%clk 0:57:48]} Ra7 {[%clk 1:25:34]} 16. Nh4
{[%clk 0:52:59]} g6 {[%clk 1:25:13]} 17. g4 {[%clk 0:52:02]} Kd8 {[%clk
1:19:28]} 18. Ng2 {[%clk 0:45:33]} a4 {[%clk 1:18:29]} 19. f5 {[%clk 0:44:30]}
g5 {[%clk 1:17:32]} 20. h4 {[%clk 0:44:45]} a3 {[%clk 1:16:44]} 21. hxg5 {[%clk
0:42:08]} axb2 {[%clk 1:16:59]} 22. Kxb2 {[%clk 0:42:34]} Ba3 {[%clk 1:16:44]}
23. Kb1 {[%clk 0:42:39]} fxg5 {[%clk 1:13:58]} 24. Rh6 {[%clk 0:41:38]} Rc7
{[%clk 1:13:38]} 25. Reh1 {[%clk 0:40:26]} Bf8 {[%clk 1:12:29]} 26. R6h5 {[%clk
0:38:06]} Rg7 27. Ne1 {[%clk 0:36:55]} Be7 {[%clk 1:08:07]} 28. Rh6 {[%clk
0:34:17]} Rf7 {[%clk 1:07:37]} 29. Rxc6 {[%clk 0:32:34]} Bd7 {[%clk 1:04:26]}
30. Rch6 {[%clk 0:31:02]} Be8 {[%clk 1:00:05]} 31. Nf3 {[%clk 0:29:01]} Bf6
{[%clk 1:00:13]} 32. Ne5 {[%clk 0:29:04]} Rff8 {[%clk 0:58:40]} 33. Rxh7 {[%clk
0:28:54]} Rxh7 {[%clk 0:58:50]} 34. Rxh7 {[%clk 0:29:21]} Rh8 {[%clk 0:57:15]}
35. Rxh8 {[%clk 0:27:37]} Bxh8 {[%clk 0:57:38]} 36. Kb2 {[%clk 0:25:21]} Bf6
{[%clk 0:56:47]} 37. Kb3 {[%clk 0:25:35]} Kc7 {[%clk 0:56:57]} 38. Be2 {[%clk
0:23:49]} Kb6 {[%clk 0:55:53]} 39. Bf3 {[%clk 0:22:44]} Bc6 {[%clk 0:55:47]}
40. c3 {[%clk 0:21:32]} Be7 {[%clk 0:54:01]} 41. Nd3 {[%clk 0:18:07]} Kc7
{[%clk 0:52:38]} 42. Nb4 {[%clk 0:15:13]} Kd6 {[%clk 0:52:53]} 43. Nc2 {[%clk
0:15:14]} Kc7 {[%clk 0:50:29]} 44. Ne3 {[%clk 0:15:30]} Kd6 {[%clk 0:50:51]}
45. Kb4 {[%clk 0:15:33]} Kc7 {[%clk 0:47:57]} 46. Ka5 {[%clk 0:15:41]} Kb7
{[%clk 0:47:17]} 47. Bxd5 {[%clk 0:14:35]} 1-0

[Event "DVM U16 2022"]
[Site "Darmstadt GER"]
[Date "2022.12.29"]
[Round "5"]
[White "Schreidl, Michael"]
[Black "Willberg, Marek"]
[Result "1/2-1/2"]
[Termination "normal"]
[Board "4.3"]
[WhiteElo "1713"]
[BlackElo "1386"]
[WhiteClock "00:05:36"]
[BlackClock "00:21:04"]
[WhiteTeam "SK Frankenthal"]
[BlackTeam "VfB Schach Leipzig e.V."]
[PlyCount "52"]
[WhiteFideId "16265750"]
[BlackFideId "16224027"]
[EventCountry "GER"]
[EventRounds "7"]
[EventType "team-swiss"]
[EventDate "2022.12.26"]

1. e4 {[%clk 1:30:58]} b6 {[%clk 1:30:53]} 2. d4 {[%clk 1:29:17]} Bb7 {[%clk
1:31:08]} 3. Nc3 {[%clk 1:28:28]} e6 {[%clk 1:30:56]} 4. Bd3 {[%clk 1:22:03]}
Nf6 {[%clk 1:29:50]} 5. f3 {[%clk 1:16:42]} c5 {[%clk 1:28:49]} 6. Be3 {[%clk
1:11:35]} d6 {[%clk 1:25:32]} 7. Bb5 {[%clk 1:03:02]} Nbd7 {[%clk 1:20:55]} 8.
Qd2 {[%clk 0:59:19]} a6 {[%clk 1:11:28]} 9. Bxd7 {[%clk 0:58:50]} Qxd7 {[%clk
1:11:43]} 10. Rd1 {[%clk 0:55:45]} Be7 {[%clk 1:10:36]} 11. Nge2 {[%clk
0:55:46]} Rd8 {[%clk 1:07:21]} 12. Qc1 {[%clk 0:50:04]} Qc7 {[%clk 1:03:25]}
13. d5 {[%clk 0:40:50]} exd5 {[%clk 1:01:02]} 14. Nxd5 {[%clk 0:41:12]} Nxd5
{[%clk 1:01:25]} 15. exd5 {[%clk 0:41:38]} c4 {[%clk 0:58:44]} 16. c3 {[%clk
0:39:57]} O-O {[%clk 0:53:10]} 17. O-O {[%clk 0:38:52]} Bf6 {[%clk 0:50:05]}
18. Nf4 {[%clk 0:36:16]} g6 {[%clk 0:40:02]} 19. Qd2 {[%clk 0:27:02]} Rfe8
{[%clk 0:39:32]} 20. Qf2 {[%clk 0:24:24]} Qd7 {[%clk 0:33:38]} 21. Bxb6 {[%clk
0:22:38]} Rb8 {[%clk 0:33:40]} 22. Bd4 {[%clk 0:21:12]} Be5 {[%clk 0:32:16]}
23. Be3 {[%clk 0:12:03]} Qb5 {[%clk 0:28:49]} 24. Qd2 {[%clk 0:11:08]} Ba8
{[%clk 0:27:53]} 25. Rf2 {[%clk 0:09:04]} Bg7 {[%clk 0:21:20]} 26. Bd4 {[%clk
0:05:36]} Bh6 {[%clk 0:21:04]} 1/2-1/2

[Event "DVM U16 2022"]
[Site "Darmstadt GER"]
[Date "2022.12.29"]
[Round "5"]
[White "Vecera, Fabio"]
[Black "Huang, Luca Hanson"]
[Result "1-0"]
[Termination "normal"]
[Board "4.4"]
[WhiteElo "1454"]
[BlackElo "1538"]
[WhiteClock "00:20:10"]
[BlackClock "00:19:08"]
[WhiteTeam "VfB Schach Leipzig e.V."]
[BlackTeam "SK Frankenthal"]
[PlyCount "47"]
[WhiteFideId "16281705"]
[BlackFideId "16279182"]
[EventCountry "GER"]
[EventRounds "7"]
[EventType "team-swiss"]
[EventDate "2022.12.26"]

1. Nf3 {[%clk 1:30:57]} Nf6 {[%clk 1:30:53]} 2. c4 {[%clk 1:31:18]} e6 {[%clk
1:31:16]} 3. g3 {[%clk 1:28:27]} d5 {[%clk 1:31:36]} 4. Bg2 {[%clk 1:28:42]}
dxc4 {[%clk 1:31:57]} 5. Na3 {[%clk 1:28:58]} Bxa3 {[%clk 1:26:39]} 6. bxa3
{[%clk 1:28:56]} c3 {[%clk 1:24:32]} 7. d3 {[%clk 1:22:24]} O-O {[%clk
1:22:21]} 8. O-O {[%clk 1:19:13]} Nc6 {[%clk 1:21:27]} 9. Qb3 {[%clk 1:14:04]}
e5 {[%clk 1:20:25]} 10. Qxc3 {[%clk 1:13:38]} Nd5 {[%clk 1:19:41]} 11. Qc5
{[%clk 1:08:45]} Re8 {[%clk 1:11:22]} 12. Bb2 {[%clk 1:08:11]} Be6 {[%clk
1:00:53]} 13. Nxe5 {[%clk 0:57:25]} Nxe5 {[%clk 1:00:12]} 14. Bxe5 {[%clk
0:57:45]} c6 {[%clk 0:59:17]} 15. Bb2 {[%clk 0:57:16]} Qd7 {[%clk 0:56:23]} 16.
Rfe1 {[%clk 0:47:02]} b6 {[%clk 0:55:41]} 17. Qc2 {[%clk 0:44:06]} Rad8 {[%clk
0:51:16]} 18. Rac1 {[%clk 0:33:34]} c5 {[%clk 0:48:48]} 19. Rcd1 {[%clk
0:27:50]} Rc8 {[%clk 0:47:04]} 20. f4 {[%clk 0:23:04]} Ne3 {[%clk 0:47:24]} 21.
Qc3 {[%clk 0:22:48]} Qd4 {[%clk 0:25:23]} 22. Qd2 {[%clk 0:19:47]} Nc4 {[%clk
0:18:44]} 23. Bxd4 {[%clk 0:20:10]} Nxd2 {[%clk 0:19:08]} 24. Ba1 1-0

[Event "DVM U16 2022"]
[Site "Darmstadt GER"]
[Date "2022.12.29"]
[Round "5"]
[White "Reichmann, Felix"]
[Black "Meuer, David"]
[Result "1-0"]
[Termination "normal"]
[Board "5.1"]
[WhiteElo "1813"]
[BlackElo "1949"]
[WhiteClock "00:28:21"]
[BlackClock "00:05:46"]
[WhiteTeam "Schachfreunde Nordost Berlin"]
[BlackTeam "SV Turm Lahnstein"]
[PlyCount "73"]
[WhiteFideId "16238290"]
[BlackFideId "16262964"]
[EventCountry "GER"]
[EventRounds "7"]
[EventType "team-swiss"]
[EventDate "2022.12.26"]

1. c4 {[%clk 1:30:58]} e5 {[%clk 1:30:56]} 2. Nc3 {[%clk 1:30:53]} Nf6 {[%clk
1:31:21]} 3. Nf3 {[%clk 1:31:13]} Nc6 {[%clk 1:31:45]} 4. e4 {[%clk 1:31:34]}
Bb4 {[%clk 1:31:37]} 5. d3 {[%clk 1:31:53]} d6 {[%clk 1:31:48]} 6. a3 {[%clk
1:32:02]} Bc5 {[%clk 1:31:04]} 7. b4 {[%clk 1:30:51]} Bb6 {[%clk 1:31:25]} 8.
Na4 {[%clk 1:31:10]} Bd4 {[%clk 1:31:48]} 9. Nxd4 {[%clk 1:31:26]} Nxd4 {[%clk
1:31:47]} 10. Be3 {[%clk 1:27:09]} Nc6 {[%clk 1:09:46]} 11. h3 {[%clk 1:23:41]}
O-O {[%clk 1:07:18]} 12. Be2 {[%clk 1:22:48]} Bd7 {[%clk 1:03:03]} 13. O-O
{[%clk 1:22:11]} Ne8 {[%clk 1:01:46]} 14. Nc3 {[%clk 1:18:51]} f5 {[%clk
1:00:19]} 15. f4 {[%clk 1:17:34]} fxe4 {[%clk 0:51:33]} 16. Nxe4 {[%clk
1:16:40]} Nf6 {[%clk 0:40:53]} 17. f5 {[%clk 1:12:36]} Ne7 {[%clk 0:37:26]} 18.
g4 {[%clk 1:11:43]} h6 {[%clk 0:33:00]} 19. Bf3 {[%clk 1:02:02]} Nxe4 {[%clk
0:27:51]} 20. dxe4 {[%clk 1:01:25]} Qe8 {[%clk 0:27:32]} 21. Kg2 {[%clk
0:50:59]} Qf7 {[%clk 0:27:07]} 22. Qd3 {[%clk 0:50:28]} a6 {[%clk 0:26:31]} 23.
Rh1 {[%clk 0:49:11]} Rae8 {[%clk 0:22:49]} 24. h4 {[%clk 0:46:14]} Kh8 {[%clk
0:18:37]} 25. Rag1 {[%clk 0:41:29]} Kg8 {[%clk 0:18:51]} 26. Rh3 {[%clk
0:38:12]} Kh8 {[%clk 0:18:59]} 27. Kh2 {[%clk 0:38:10]} Kg8 {[%clk 0:19:17]}
28. Rhg3 {[%clk 0:35:43]} Kh8 {[%clk 0:19:21]} 29. h5 {[%clk 0:33:44]} Bc6
{[%clk 0:17:45]} 30. g5 {[%clk 0:32:11]} Nxf5 {[%clk 0:17:44]} 31. exf5 {[%clk
0:32:33]} e4 {[%clk 0:06:34]} 32. Qd4 {[%clk 0:27:11]} exf3 {[%clk 0:06:07]}
33. gxh6 {[%clk 0:27:22]} Rxe3 {[%clk 0:04:51]} 34. hxg7 {[%clk 0:27:13]} Kh7
{[%clk 0:05:11]} 35. gxf8=N {[%clk 0:27:34]} Qxf8 {[%clk 0:05:23]} 36. Rg7
{[%clk 0:27:58]} Kh6 {[%clk 0:05:46]} 37. Qxe3 {[%clk 0:28:21]} 1-0

[Event "DVM U16 2022"]
[Site "Darmstadt GER"]
[Date "2022.12.29"]
[Round "5"]
[White "Mader, Fabian"]
[Black "Gutewort, Paul Emil"]
[Result "1/2-1/2"]
[Termination "normal"]
[Board "5.2"]
[WhiteElo "1819"]
[BlackElo "1667"]
[WhiteClock "00:02:26"]
[BlackClock "00:02:12"]
[WhiteTeam "SV Turm Lahnstein"]
[BlackTeam "Schachfreunde Nordost Berlin"]
[PlyCount "77"]
[WhiteFideId "16265866"]
[BlackFideId "16204182"]
[EventCountry "GER"]
[EventRounds "7"]
[EventType "team-swiss"]
[EventDate "2022.12.26"]

1. e4 {[%clk 1:30:58]} g6 {[%clk 1:30:54]} 2. d4 {[%clk 1:31:19]} Bg7 {[%clk
1:31:16]} 3. Nc3 {[%clk 1:31:36]} d6 {[%clk 1:31:38]} 4. Be3 {[%clk 1:31:47]}
a6 {[%clk 1:31:58]} 5. Qd2 {[%clk 1:31:47]} b5 {[%clk 1:32:06]} 6. f3 {[%clk
1:31:36]} Nd7 {[%clk 1:31:58]} 7. h4 {[%clk 1:31:18]} h5 {[%clk 1:32:06]} 8.
Nh3 {[%clk 1:26:59]} Ngf6 {[%clk 1:28:59]} 9. Ng5 {[%clk 1:25:01]} Bb7 {[%clk
1:22:00]} 10. a4 {[%clk 1:20:30]} b4 {[%clk 1:21:29]} 11. Ne2 {[%clk 1:20:45]}
c5 {[%clk 1:19:54]} 12. dxc5 {[%clk 1:16:49]} dxc5 {[%clk 1:19:13]} 13. Nf4
{[%clk 1:15:51]} Qb6 {[%clk 1:15:04]} 14. Nxf7 {[%clk 1:06:38]} Kxf7 {[%clk
1:12:43]} 15. Bc4 {[%clk 1:06:57]} Ke8 {[%clk 1:08:58]} 16. Nxg6 {[%clk
1:06:04]} Rd8 {[%clk 0:57:24]} 17. Nxh8 {[%clk 1:01:55]} Ne5 {[%clk 0:48:46]}
18. Qe2 {[%clk 1:00:50]} Bxh8 {[%clk 0:48:34]} 19. O-O {[%clk 0:58:37]} a5
{[%clk 0:45:17]} 20. Rad1 {[%clk 0:53:44]} Rd6 {[%clk 0:40:28]} 21. Rxd6 {[%clk
0:50:12]} exd6 {[%clk 0:37:42]} 22. Rd1 {[%clk 0:47:02]} Ke7 {[%clk 0:35:31]}
23. Bg5 {[%clk 0:39:06]} Kf8 {[%clk 0:22:06]} 24. Kh1 {[%clk 0:34:10]} Ne8
{[%clk 0:17:25]} 25. b3 {[%clk 0:25:55]} Bf6 {[%clk 0:16:24]} 26. f4 {[%clk
0:22:36]} Ng4 {[%clk 0:14:55]} 27. Be6 {[%clk 0:18:38]} Qc6 {[%clk 0:08:39]}
28. Bd5 {[%clk 0:13:35]} Qc7 {[%clk 0:08:16]} 29. Bxb7 {[%clk 0:12:36]} Qxb7
{[%clk 0:08:42]} 30. e5 {[%clk 0:09:35]} dxe5 {[%clk 0:08:04]} 31. fxe5 {[%clk
0:07:38]} Bxe5 {[%clk 0:07:08]} 32. Rf1 {[%clk 0:06:09]} Nef6 {[%clk 0:05:23]}
33. Bxf6 {[%clk 0:04:59]} Bxf6 {[%clk 0:05:49]} 34. Qe6 {[%clk 0:04:29]} Kg7
{[%clk 0:05:25]} 35. Qf5 {[%clk 0:04:14]} Qc7 {[%clk 0:05:44]} 36. Qf4 {[%clk
0:04:07]} Qxf4 {[%clk 0:05:18]} 37. Rxf4 {[%clk 0:04:32]} Ne3 {[%clk 0:04:10]}
38. g3 {[%clk 0:03:34]} Bd4 {[%clk 0:02:12]} 39. Rf2 {[%clk 0:02:26]} 1/2-1/2

[Event "DVM U16 2022"]
[Site "Darmstadt GER"]
[Date "2022.12.29"]
[Round "5"]
[White "Duduka, Artem"]
[Black "Lenz, Joshua"]
[Result "1/2-1/2"]
[Termination "normal"]
[Board "5.3"]
[WhiteElo "1602"]
[BlackElo "1527"]
[WhiteClock "00:51:03"]
[BlackClock "00:24:07"]
[WhiteTeam "Schachfreunde Nordost Berlin"]
[BlackTeam "SV Turm Lahnstein"]
[PlyCount "67"]
[WhiteFideId "14194805"]
[BlackFideId "16256956"]
[EventCountry "GER"]
[EventRounds "7"]
[EventType "team-swiss"]
[EventDate "2022.12.26"]

1. e4 {[%clk 1:30:46]} e6 {[%clk 1:30:46]} 2. d4 {[%clk 1:31:06]} d5 {[%clk
1:31:11]} 3. Nd2 {[%clk 1:31:22]} c5 {[%clk 1:31:30]} 4. exd5 {[%clk 1:31:41]}
Qxd5 {[%clk 1:31:47]} 5. dxc5 {[%clk 1:31:59]} Bxc5 {[%clk 1:29:06]} 6. Ngf3
{[%clk 1:31:42]} Nf6 {[%clk 1:27:40]} 7. Bc4 {[%clk 1:31:26]} Qc6 {[%clk
1:25:32]} 8. Qe2 {[%clk 1:30:56]} a6 {[%clk 1:21:18]} 9. O-O {[%clk 1:29:59]}
Nbd7 {[%clk 1:18:54]} 10. Nb3 {[%clk 1:28:30]} O-O {[%clk 1:14:25]} 11. Nxc5
{[%clk 1:26:06]} Nxc5 {[%clk 1:13:48]} 12. a3 {[%clk 1:19:58]} b5 {[%clk
1:13:21]} 13. Bd3 {[%clk 1:18:39]} Nxd3 {[%clk 1:12:34]} 14. Qxd3 {[%clk
1:18:16]} Bb7 {[%clk 1:11:29]} 15. Rd1 {[%clk 1:11:15]} h6 {[%clk 1:10:45]} 16.
Bf4 {[%clk 1:07:21]} Rfe8 {[%clk 1:08:52]} 17. Be5 {[%clk 1:00:09]} Ng4 {[%clk
1:07:06]} 18. Qc3 {[%clk 0:56:59]} Nxe5 {[%clk 1:03:48]} 19. Qxe5 {[%clk
0:57:14]} Rad8 {[%clk 1:03:59]} 20. Qe2 {[%clk 0:56:07]} Qe4 {[%clk 0:58:40]}
21. Qxe4 {[%clk 0:55:16]} Bxe4 {[%clk 0:59:04]} 22. c3 {[%clk 0:55:21]} Bxf3
{[%clk 0:58:38]} 23. gxf3 {[%clk 0:55:42]} Kf8 {[%clk 0:57:48]} 24. Kf1 {[%clk
0:56:05]} Ke7 {[%clk 0:57:44]} 25. Ke2 {[%clk 0:56:25]} Rc8 {[%clk 0:46:15]}
26. Rd4 {[%clk 0:55:19]} Red8 {[%clk 0:45:44]} 27. Rad1 {[%clk 0:54:56]} Rxd4
{[%clk 0:45:23]} 28. Rxd4 {[%clk 0:55:20]} Rc5 {[%clk 0:43:23]} 29. a4 {[%clk
0:52:35]} e5 {[%clk 0:41:40]} 30. Rb4 {[%clk 0:52:06]} g5 {[%clk 0:38:05]} 31.
axb5 {[%clk 0:52:05]} axb5 {[%clk 0:38:14]} 32. Kd3 {[%clk 0:52:04]} Rd5 {[%clk
0:35:15]} 33. Ke2 {[%clk 0:51:33]} Rc5 {[%clk 0:24:07]} 34. Kd3 {[%clk
0:51:03]} 1/2-1/2